| 000 | 00624nam a2200205 u 4500 | ||
|---|---|---|---|
| 005 | 20250918064121.0 | ||
| 008 | 070803s2004 cau r 000 0 spa d | ||
| 020 | _a8420540390 | ||
| 035 | _aUPN01000150649 | ||
| 040 | _aCG | ||
| 050 | 4 |
_aHF5549 T7 _bC6.3 |
|
| 245 | 0 | 0 |
_aCoaching : _bmitos y realidades / _ccoord. Javier Cantera ; prol. Juan Luis Goujon. |
| 260 |
_aMadrid : _bPearson Educación, _c2004. |
||
| 300 |
_a238 p. : _bcuadros |
||
| 650 | 4 |
_aEmpleados _xCapacitación _9979 |
|
| 650 | 4 |
_aAutoaprendizaje _91578 |
|
| 650 | 4 |
_aCambio organizacional _94984 |
|
| 700 | 1 |
_aCantera, Javier, _ecoord. |
|
| 905 | _aLibro | ||
| 999 |
_c122790 _d122790 |
||